MARC

LEADER 00000nam0a2200000 4500
001 34505
005 20231030225626.0
010 |a 5030007318 
035 |a (RuTPU)RU\TPU\book\34903 
035 |a BOOK00001554 
090 |a 34505 
100 |a 20011210d1988 km y0rusy50 ca 
101 1 |a rus  |c eng 
102 |a RU 
105 |a y z 000zy 
200 1 |a Введение в геофизическую разведку  |e пер. англ  |f П. Кири, М. Брукс 
210 |a Москва  |c Мир  |d 1988 
215 |a 382 с. 
610 1 |a разведочная геофизика 
610 1 |a полезные ископаемые 
610 1 |a интерпретация геофизических данных 
610 1 |a наблюдения 
610 1 |a обработка 
610 1 |a сейсморазведка 
610 1 |a гравиразведка 
610 1 |a магниторазведка 
610 1 |a примеры 
610 1 |a геофизические методы 
610 1 |a методика 
675 |a 550.83  |v 3 
700 1 |a Кири  |b П. 
701 1 |a Брукс  |b М. 
801 0 |a RU  |b 63413507  |c 20011210  |g PSBO 
801 2 |a RU  |b 63413507  |c 20200904  |g PSBO 
900 |a Геофизические методы поисков и разведки МПИ 
942 |c BK